01019cam a22002537a 450000100090000000300040000900500170001300800410003002000180007104000230008904300120011208200240012410000170014824501130016526000560027830000450033450400640037960000180044365000380046165000330049965100360053285600910056885601060065918065922OSt20240530110623.0140313s2013 ua a b 001 0deng d a9789774165719 cEG-CaGPLaEG-CaGPL af-ua---00a962.055221bCC/A C1 aAbaza, Mona.14aThe cotton plantation remembered :ban Egyptian family story /cMona Abaza ; with photographs by the author. aCairo :bAmerican University In Cairo Press,c2013. a295 p. :bill. (chiefly col.) ;c25 cm. aIncludes bibliographical references (p. 281-287) and index.10aAbaza family. 0aCotton plantation workerszEgypt. 0aAgriculturezEgyptxHistory. 0aEgyptxSocial life and customs.423Publisher descriptionuhttp://www.loc.gov/catdir/enhancements/fy1412/2013478427-d.html423Contributor biographical informationuhttp://www.loc.gov/catdir/enhancements/fy1412/2013478427-b.html